00726 a2200193 4500020001500000040001300015082000800028100001700036245010300053250001200156260005300168300003300221650002700254650003600281700003300317942002100350999001500371952014600386 a0133274616 aDLCbDLC00a5151 aSaff, E. B.,10aFundamentals of complex analysis for mathematics, science, and engineeringcSaff, E.B. A.D. Snider a2nd ed. aEnglewood Cliffs, N.J. :bPrentice Hall,cc1993. axi, 468 p. :bill. ;c25 cm. 0aMathematical analysis. 0aFunctions of complex variables.1 aSnider, Arthur David,d1940- cBKk151 SAF2ddc c7594d7594 001040708NFICaCLbCLcGENd2005-06-09eAcademic Book Companyg5858.93l4m2o151 SAFpSEECS005900r2026-01-05s2025-12-02w2017-01-05yBK